| 000 | 00620nam a2200241Ia 4500 | ||
|---|---|---|---|
| 003 | OSt | ||
| 005 | 20221007101348.0 | ||
| 006 | a|||||r|||| 00| 0 | ||
| 007 | ta | ||
| 008 | 221006b |||||||| |||| 00| 0 eng d | ||
| 024 | _a6,306 | ||
| 037 | _cTextual | ||
| 040 |
_aLCO _cLCO _beng |
||
| 041 |
_2eng _aeng |
||
| 082 | _aZ2,75,15, L3 | ||
| 100 |
_aAHMAD S I _9702888 |
||
| 245 | 0 | _aProsecutions Procedure & Practice. | |
| 260 |
_aGadag _bStandond Press _c1973 |
||
| 300 | _a420 | ||
| 650 |
_aPROSECUTIONS _9702889 |
||
| 942 |
_hZ2,75,15, L3 _cTEXL |
||
| 999 |
_c1175869 _d1175869 |
||